International travel and health : (Record no. 135519)

MARC details
000 -LEADER
fixed length control field 00713nam a22002297a 4500
005 - DATE AND TIME OF LATEST TRANSACTION
control field 20170124110246.0
010 ## - LIBRARY OF CONGRESS CONTROL NUMBER
LC control number A-464076
020 ## - INTERNATIONAL STANDARD BOOK NUMBER
Terms of availability 00.00
035 ## - SYSTEM CONTROL NUMBER
System control number A-464076
037 ## - SOURCE OF ACQUISITION
Source of stock number/acquisition Cen Lib/Ret
040 ## - CATALOGING SOURCE
Original cataloging agency DPL
Language of cataloging EN
082 ## - DEWEY DECIMAL CLASSIFICATION NUMBER
Classification number 613.
Item number INT
110 ## - MAIN ENTRY--CORPORATE NAME
Corporate name or jurisdiction name as entry element World Haelth Organization
9 (RLIN) 97525
245 ## - TITLE STATEMENT
Title International travel and health :
Remainder of title vaccination requirement and health advice /
260 ## - PUBLICATION, DISTRIBUTION, ETC. (IMPRINT)
Place of publication, distribution, etc Delhi
Name of publisher, distributor, etc All IndiaTraveller Book Seller
Date of publication, distribution, etc 1990
270 ## - ADDRESS
Address D-2/15, Krishna Nagar
City Delhi
Postal code 110051
300 ## - PHYSICAL DESCRIPTION
Extent 88p.
Dimensions 20cm(Hb)
500 ## - GENERAL NOTE
General note Includes index
650 ## - SUBJECT ADDED ENTRY--TOPICAL TERM
Topical term or geographic name as entry element Health Science
9 (RLIN) 16285
650 ## - SUBJECT ADDED ENTRY--TOPICAL TERM
Topical term or geographic name as entry element Health Science -- Vaccination
9 (RLIN) 97526
942 ## - ADDED ENTRY ELEMENTS (KOHA)
Source of classification or shelving scheme Dewey Decimal Classification
Koha item type English Books
Classification part 613.68
Call number suffix INT
Holdings
Withdrawn status Lost status Damaged status Not for loan Home library Current library Date acquired Source of acquisition Cost, normal purchase price Total Checkouts Full call number Barcode Date last seen Copy number Cost, replacement price Price effective from Koha item type Public note
Written off       Central Library Central Library 07/10/2015 Cen Lib/Ref 0.00   613. INT A-464076 07/10/2015 1 0.00 07/10/2015 English Books Written off on approval by DLB (By Circulation); dtd 15-06-2023

© Delhi Public Library
Hit Counter
free hit counter